Noches de ópera

Guardat en:
Dades bibliogràfiques
Autor principal: Newman, Ernest (autor)
Format: Llibre
Idioma:espanyol
Publicat: Buenos Aires EUDEBA 1965
Col·lecció:Temas de EUDEBA - Música
Matèries:
Etiquetes: Afegir etiqueta
Sense etiquetes, Sigues el primer a etiquetar aquest registre!

MARC

LEADER 00000nam a2200000 a 4500
001 UCN2927
003 CL-VaPUC
008 010615e19650000AG |||||||||||||||||spa|d
082 0 4 |a 782.1  |b NEW  |2 21 
100 |a Newman, Ernest  |e autor  |9 459218 
245 1 0 |a Noches de ópera 
300 |a 512 p 
942 |c BK 
945 |d 20010615 00:00:00  |a crobeson 
260 |a Buenos Aires  |b EUDEBA  |c 1965 
650 7 |a OPERA  |2 CL-VaPUC  |9 459219 
650 0 |a Óperas, argumentos, tramas, etc.  |9 306494 
650 0 |a Música vocal   |9 306287 
583 |a last modification  |c 20010615 00:00:00  |k Rodrigo Vera 
490 0 |a Temas de EUDEBA - Música 
999 |c 295943  |d 295941 
952 |0 0  |1 0  |4 0  |6 782_100000000000000_NEW_1965  |7 0  |8 A  |9 349396  |a BIBEDU  |b BIBEDU  |d 2019-11-20  |i 1186329  |o 782.1 NEW 1965  |p 1186329  |r 2023-11-22  |w 2019-11-20  |y BK  |k MUS 
952 |0 0  |1 0  |4 0  |6 782_100000000000000_NEW_1965  |7 0  |8 A  |9 349397  |a BIBEDU  |b BIBEDU  |d 2019-11-20  |i 1186337  |o 782.1 NEW 1965  |p 1186337  |r 2023-11-22  |w 2019-11-20  |y BK  |k MUS